Statistics for Battlefield 1942 Official Maps

Click here to take the quiz!

General Stats

  • This quiz has been taken 24 times
  • The average score is 13 of 36

Answer Stats

GametheaterinitialsAnswer% Correct
B1942PacificBoMBattle of Midway
83%
B1942PacificIJIwo Jima
83%
B1942PacificGGuadalcanal
72%
B1942E. EuropeKKursk
72%
B1942W. EuropeBoBBattle of Britain
67%
B1942W. EuropeBotBBattle of the Bulge
67%
B1942PacificWIWake Island
67%
B1942E. EuropeBBerlin
61%
B1942E. EuropeSStalingrad
61%
B1942N. AfricaTTobruk
61%
B1942N. AfricaEAEl Alamein
56%
B1942W. EuropeOBOmaha Beach
50%
B1942W. EuropeOMGOperation Market Garden
50%
B1942W. EuropeBBocage
39%
B1942E. EuropeKKharkov
39%
B1942N. AfricaGGazala
33%
RtRome-MCMonte Cassino
33%
B1942PacificCSCoral Sea
28%
Secret WoWWII-ENEagle's Nest
28%
Secret WoWWII-EEssen
28%
B1942N. AfricaOBOperation Battleaxe
28%
B1942PacificIotPInvasion of the Philippines
22%
RtRome-BfABattle for Anzio
17%
RtRome-BfSBattle for Salerno
17%
Secret WoWWII-HHellendoorn
17%
B1942W. EuropeLoCLiberation of Caen
17%
B1942N. AfricaOAOperation Aberdeen
17%
RtRome-OHOperation Husky
17%
Secret WoWWII-PPeenemunde
17%
Secret WoWWII-GLGothic Line
11%
Secret WoWWII-KAKbely Airfield
11%
Secret WoWWII-MMimoyecques
11%
RtRome-MSCMonte Santa Croce
11%
RtRome-OBOperation Baytown
11%
Secret WoWWII-RoARaid on Agheila
11%
Secret WoWWII-TRBTelemark Research Base
11%

Score Distribution

Percentile by Number Answered

Percent of People with Each Score

Your Score History

You have not taken this quiz